Formación moral y cívica 3 /

Guardado en:
Autor Principal: Luchenio, Ángela E.
Formato: Libro
Publicado: Buenos Aires : Kapelusz, 1981
Materias:
Etiquetas: Agregar Etiqueta
Sin Etiquetas, Sea el primero en etiquetar este registro!
LEADER 00693nam a22001815a 4500
001 CEM.cems017377
008 130507s1981##################000#0#####d
005 20211215194749.0
003 CEMS
245 1 0 |a Formación moral y cívica 3 /  |c Ángela E. Luchenio. 
260 |a Buenos Aires :  |b Kapelusz,  |c 1981 
300 |a 158 p. 
505 0 |a El hombre y sus acciones -- La familia -- El hombre y sus realizaciones culturales -- El hombre y sus realizaciones económicas -- El hombre y sus realizaciones políticas 
100 1 |a Luchenio, Ángela E. 
082 0 4 |a 320 
653 |a Formación moral 
653 |a Formación cívica-3º egb 
859 |a CEMS  |b BIB. CEMS - Agricultura  |h 320  |i L963  |p A10970.82  |t Ej.1  |v 3  |3 3